İnsan nasıl insan oldu/ (Record no. 14509)

MARC details
000 -BAŞLIK
Sabit Uzunlukta Kontrol Alanı 00596nam a22002297a 4500
999 ## - SİSTEM KONTROL NUMARALARI (KOHA)
Koha Biblionumber 14509
Koha Biblioitemnumber 14509
003 - KONTROL NUMARASI IDENTIFIER
Denetim Alanı MIRAKIL
005 - SON İŞLEM TARİHİ VE ZAMANI
Denetim Alanı 20210902173355.0
008 - SABİT-BOY VERİ ELEMANLARI - GENEL BİLGİLER
Sabit Uzunlukta Kontrol Alanı 210902b tu ||||| |||| 00| 0 tur d
020 ## - ULUSLARARASI STANDART KİTAP NUMARASI
Uluslararası Standart Kitap Numarası 9754680191
040 ## - KATALOGLAMA KAYNAK
Orijinal Kataloglama Ajansı TR-AnCHP
Metne Dönüştürmek Ajansı TR-AnCHP
041 ## - DİL KODU
Metin / Ses Parça Veya Ayrı Başlığın Dil Kodu Tur
082 ## - DEWEY ONLU SINIFLANDIRMA NUMARASI
Sınıflandırma Numarası 573
Ürün Numarası İ45i 1991
100 ## - ANA GİRİŞ - KİŞİSEL İSİM
Kişisel Ad İlin, M.
245 10 - BAŞLIK TABLOSU
Başlık İnsan nasıl insan oldu/
Sorumluluk Tablosu, Vb M. İlin, E. Segal.
250 ## - EDITION TABLOSU
Baskı Beyanı 7 bs.
260 ## - YAYIN, DAĞITIM, VB
Yayın, Dağıtım, Vb Yeri İstanbul :
Yayıncı, Dağıtıcı, Vs Adı Say Yayınları,
Yayın, Dağıtım, Vb Tarihi 1991.
300 ## - FİZİKSEL TANIM
Kapsam 551 s.:
Boyutlar 19 sm.
504 ## - KAYNAKÇA VB NOT
Kaynakça Vb Notu Kaynakça vardır.
650 #0 - KONU KATMA GİRİŞ - TOPİKAL DÖNEM
9 (RLIN) 6747
Topikal Süreli Veya Coğrafi Ad Giriş Elemanı İnsan Evrimi
700 ## - KATMA GİRİŞ - KİŞİSEL İSİM
9 (RLIN) 6746
Kişisel Ad Segal, E.
942 ## - EKLENDİ GİRİŞ ELEMANLARI (KOHA)
Sınıflandırma Veya Raf Düzeni Kaynak Dewey Decimal Classification
Koha Öğesi Türü Books
Holdings
Kalıcı Konum Mevcut Konum Edinme Tarihi Toplam Check-Out'Lar Tam Çağrı Numarası Barkod Tarih Son Görülme İtibaren Geçerli Fiyatlar Sigara Kamu Notu Koha Öğesi Türü Toplam Yenileme Tarihi Geçen Teslim
CHP Kütüphanesi CHP Kütüphanesi 09/02/2021   573 İ45i 1991 020003 09/02/2021 09/02/2021 Emin Değer Bağışıdır. Books    
Parti Okulu Kütüphanesi Parti Okulu Kütüphanesi 10/05/2021 1 573 İ45i 1991 P00871 01/05/2022 10/05/2021 Emin Değer Bağışıdır. Books 2 10/07/2021